Zdjęcia satelitarne #5 - Statystyki

Ogólne statystyki
  • Ten quiz został rozwiązany 1 661 razy
    1 654 od ostatniego zresetowania
  • Średni wynik to 9 z 16
Statystyki odpowiedzi
Obrazkowy Hint Odpowiedź % Poprawnych
wyspa Grenlandia
99%
państwo Indonezja
83%
zbiornik wodny Zatoka Meksykańska
80%
budynek Pentagon
78%
państwo Chorwacja
74%
zbiornik wodny Cieśnina {Gibraltarska}
66%
pasmo górskie Kaukaz
59%
państwo Kostaryka
53%
miasto Londyn
52%
państwo Kuwejt
51%
zbiornik wodny Zatoka {Bengalska}
46%
zbiornik wodny Jezioro {Bajkał}
37%
wyspa Wyspa Północna
37%
delta rzeki Delta Gangesu
31%
region autonomiczny Hongkong
26%
zbiornik wodny Puget Sound
5%
Nie znaleziono quizów pasujących do podanych kryteriów
Rozkład punktacji
Procent ludzi z każdym wynikiem
Percentyl według liczby udzielonych odpowiedzi
Twoja historia wyników
Nie rozwiązałeś tego quizu od ostatniego zresetowania